| 000 | 01102nam a2200277 a 4500 | ||
|---|---|---|---|
| 999 |
_c490207 _d490207 |
||
| 003 | BLK | ||
| 005 | 20230913101425.0 | ||
| 008 | 180410b bul|||||r ||||||| ||bul|| | ||
| 040 | _aBLK | ||
| 041 |
_aBUL _cBUL |
||
| 080 |
_aДраматични театри. Театри за драма и комедия. Вж и 82-2 _b792.2 _x(062) _z792.2(062) |
||
| 110 |
_9471280 _aДраматичен театър "Сава Огнянов" - Русе |
||
| 139 | _bД 87 | ||
| 245 | 1 | 0 |
_aПод игото _bДраматизация в 9 картини _cОт Боян Дановски и Камен Зидаров _h[Малотир. изд.] |
| 260 |
_aРусе _bб. и. _c1964 _9219538 |
||
| 300 |
_a6 с. _c20 см |
||
| 380 | _a7 | ||
| 500 | _aПремиера - 25 окт. 1964 г. | ||
| 653 | 7 |
_9185505 _aДраматичен театър "Сава Огнянов" |
|
| 653 | 7 |
_9197100 _aспектакли |
|
| 653 | 7 |
_9198059 _aтеатрални постановки |
|
| 852 |
_bК _cК 792/Д 87 |
||
| 856 | 4 |
_qpdf _i0.00 _ldisable |
|
| 942 |
_cKNG _n0 _s1 _01 |
||
| 944 |
_aCR _c2023-03-27 _k30558 _lВаля Йорданова |
||